000 00567nam a22001937a 4500
003 OSt
005 20140310182349.0
008 130928t xxu||||| |||| 00| 0 eng d
020 _a0783521626
050 _aPZ 7
_b.B9147 1991
082 _aGS 823
_bB88 1991
245 _aThe bumbletown detectives /
_cTime Life for Children.
260 _aAlexandria, Virginia :
_bTime-Life for Children,
_cc1991.
300 _a60 p. :
_bcol. ill, ;
_c28 cm.
541 _j1
562 _e1
650 _aMystery and detective stories.
_93790
942 _2lcc
_cBK-GS
999 _c12307
_d12307